000 00547nam a2200205Ia 4500
003 OSt
005 20250801191137.0
008 210423s1998 xx 000 0 und d
040 _cAL
041 _aEnglish
082 _a320
_bBHAM
100 _aAnanthakrishna Bhat P
_9114917
245 _aModern political systems
260 _aMangalore
_bMangal Deep Publications
_c1998
365 _b60
_cINR
650 _aPolitical Science
_9114918
650 _aPolitical Science
_9114918
906 _aModern ; political ; systems
942 _2ddc
_cBK
999 _c173386
_d173386